000 00739nam a2200169 a 4500
008 090202s1981 ||||||||||||||||| || u
050 _aGOV.ZAM(02)1981/5
110 _aGovernment of the Republic of Zambia (GRZ)
245 1 0 _a1980 census of population and housing: preliminary report
260 _aLusaka
_bCentral Statistical Office (CSO)-Zambia
_c1981
300 _aviii, 40p.: ill.
350 _a0.00
650 _aPOPULATION--ENVIRONMENTAL ASPECTS
650 0 _aCENSUS OF POPULATION--ZAMBIA
710 _aGovernment of the Republic of Zambia. Central Statistical Office
995 _D0.00
_FCBU-MAIN LIBRARY (Kitwe)
_H1
_I0.00
_M1
_UAVAILABLE
_WFeb 2, 2009
_ZZambiana Collection
999 _c33061
_d33061